Central Library OPAC University of Rajshahi

The races of mankind / (Record no. 13410)

MARC details
000 -LEADER
fixed length control field 00823cam a22002531 4500
001 - CONTROL NUMBER
control field 13410
003 - CONTROL NUMBER IDENTIFIER
rucl marc code BD-RjUL
005 - DATE AND TIME OF LATEST TRANSACTION
control field 20211208235441.0
008 - FIXED-LENGTH DATA ELEMENTS--GENERAL INFORMATION
fixed length control field 161204r19661963ru af b 000 0 eng d
035 ## - SYSTEM CONTROL NUMBER
System control number (BD-RjUL)13461
040 ## - CATALOGING SOURCE
Original cataloging agency DLC
Transcribing agency DLC
Modifying agency DLC
Language of cataloging eng
041 1# - LANGUAGE CODE
Language code of text/sound track or separate title engrus
082 04 - DEWEY DECIMAL CLASSIFICATION NUMBER
Edition number 23
Classification number 305.8
Author mark and year NER 1966
100 1# - MAIN ENTRY--PERSONAL NAME
Personal name Nesturkh, M. F.
Fuller form of name (Mikhail Fedorovich)
9 (RLIN) 41794
245 14 - TITLE STATEMENT
Title The races of mankind /
Statement of responsibility, etc. by M. Nesturkh. [Translated from the Russian by George Hanna]
260 ## - PUBLICATION, DISTRIBUTION, ETC. (IMPRINT)
Place of publication, distribution, etc. Moscow :
Name of publisher, distributor, etc. Foreign Languages Pub. House,
Date of publication, distribution, etc. 1963 [reprinted 1966].
300 ## - PHYSICAL DESCRIPTION
Pagination 112, [1] p. :
Illustrations illus., plates (part col.)
Size 22 cm.
500 ## - GENERAL NOTE
General note Translation of Chelovecheskie rasy.
504 ## - BIBLIOGRAPHY, ETC. NOTE
Bibliography, etc Bibliography: p. 109-[113]
650 #0 - SUBJECT ADDED ENTRY--TOPICAL TERM
Topical term or geographic name as entry element Race.
9 (RLIN) 41797
942 ## - ADDED ENTRY ELEMENTS (KOHA)
Source of classification or shelving scheme Dewey Decimal Classification
Koha item type Books
Holdings
Lost status Source of classification or shelving scheme Damaged status Not for loan Collection code Permanent Location Current Location Shelving location Date acquired Source of acquisition Total Checkouts Full call number Date last seen Copy number Koha item type Cost, normal purchase price
  Dewey Decimal Classification     Non-fiction Central Library, University of Rajshahi Central Library, University of Rajshahi   07/09/1966 Moscow, USSR.   305.8 NER 1966 01/02/2014 C-2 Books  
  Dewey Decimal Classification     Non-fiction Central Library, University of Rajshahi Central Library, University of Rajshahi   26/03/1968 Shilpa Nikatan, Dhaka   305.8 NER 1966 17/11/2016 C-4 Books 2.91
  Dewey Decimal Classification   Not For Loan Non-fiction Central Library, University of Rajshahi Central Library, University of Rajshahi Reading Room 26/03/1968 Swits & Zillinger   305.8 NER 1966 04/12/2016 C-1 Books 2.91
  Dewey Decimal Classification   Not For Loan Non-fiction Central Library, University of Rajshahi Central Library, University of Rajshahi Reading Room 26/03/1968 Swits & Zillinger   305.8 NER 1966 04/12/2016 C-3 Books 2.91